Sociología de la guerra : (Registro nro. 11598)
[ vista simple ]
| 000 -LEADER | |
|---|---|
| fixed length control field | 01399cam a2200325 a 4500 |
| 003 - CONTROL NUMBER IDENTIFIER | |
| control field | OSt |
| 005 - DATE AND TIME OF LATEST TRANSACTION | |
| control field | 20210427111319.0 |
| 008 - FIXED-LENGTH DATA ELEMENTS--GENERAL INFORMATION | |
| fixed length control field | 110921s2011 ck r 000 0 spa d |
| 020 ## - INTERNATIONAL STANDARD BOOK NUMBER | |
| International Standard Book Number | 9789584479914 |
| 040 ## - CATALOGING SOURCE | |
| Original cataloging agency | CO-BoPUJ |
| Transcribing agency | CO-JMCR |
| 041 0# - LANGUAGE CODE | |
| Language code of text/sound track or separate title | spa |
| 082 04 - DEWEY DECIMAL CLASSIFICATION NUMBER | |
| Classification number | 306.27 / |
| Item number | B516s |
| Edition number | 23 |
| 100 1# - MAIN ENTRY--PERSONAL NAME | |
| Personal name | Bermúdez Rossi, Gonzalo, |
| Relator term | autor |
| 9 (RLIN) | 8789 |
| 245 10 - TITLE STATEMENT | |
| Title | Sociología de la guerra : |
| Remainder of title | dos mundos en conflicto / |
| Statement of responsibility, etc. | Gonzalo Bermúdez Rossi |
| 250 ## - EDITION STATEMENT | |
| Edition statement | Segunda edición |
| 260 ## - PUBLICATION, DISTRIBUTION, ETC. | |
| Place of publication, distribution, etc. | Bogotá : |
| Name of publisher, distributor, etc. | Ediciones Expresión, |
| Date of publication, distribution, etc. | 2011. |
| 300 ## - PHYSICAL DESCRIPTION | |
| Extent | 375 páginas ; |
| Dimensions | 23 cm. |
| 500 ## - GENERAL NOTE | |
| General note | Incluye notas a pie de pagina. |
| 504 ## - BIBLIOGRAPHY, ETC. NOTE | |
| Bibliography, etc. note | |
| 505 0# - FORMATTED CONTENTS NOTE | |
| Formatted contents note | Sociología del conflicto. -- Guerras de liberación en la América del primer y tercer mundo. -- Los conflictos europeos de los siglos XX y XXI. -- La guerra de la pulga en Asia y África. -- Seguridad, defensa y soberanía. -- El derecho internacional de los derechos humanos. -- Retablos de libertad. |
| 590 ## - LOCAL NOTE (RLIN) | |
| Local note | Ejemplar con dedicatoria y autografiado por el autor. |
| 590 ## - LOCAL NOTE (RLIN) | |
| Local note | Ejemplar con dedicatoria y autografiado por el autor. |
| 650 14 - SUBJECT ADDED ENTRY--TOPICAL TERM | |
| Topical term or geographic name entry element | Guerra |
| 9 (RLIN) | 1626 |
| 650 24 - SUBJECT ADDED ENTRY--TOPICAL TERM | |
| Topical term or geographic name entry element | Política y guerra |
| 9 (RLIN) | 37178 |
| 650 24 - SUBJECT ADDED ENTRY--TOPICAL TERM | |
| Topical term or geographic name entry element | Imperialismo |
| 9 (RLIN) | 37179 |
| 650 24 - SUBJECT ADDED ENTRY--TOPICAL TERM | |
| Topical term or geographic name entry element | Conflicto armado |
| Geographic subdivision | Colombia |
| 9 (RLIN) | 8340 |
| 650 24 - SUBJECT ADDED ENTRY--TOPICAL TERM | |
| Topical term or geographic name entry element | Derechos humanos |
| 9 (RLIN) | 37180 |
| 942 ## - ADDED ENTRY ELEMENTS (KOHA) | |
| Source of classification or shelving scheme | Dewey Decimal Classification |
| Koha item type | Books |
| Withdrawn status | Lost status | Source of classification or shelving scheme | Damaged status | Not for loan | Home library | Current library | Shelving location | Date acquired | Source of acquisition | Full call number | Barcode | Date last seen | Copy number | Price effective from | Koha item type |
|---|---|---|---|---|---|---|---|---|---|---|---|---|---|---|---|
| Dewey Decimal Classification | Biblioteca Pública José María del Castillo y Rada | Biblioteca Pública José María del Castillo y Rada | General Stacks | 04/15/2018 | Donación | 306.27 / B516s | 430001130 | 05/16/2024 | Ej.1 | 03/10/2021 | Books |